| 000 | 01120nac a22002411u 4500 | ||
|---|---|---|---|
| 010 | _a 96115860 | ||
| 020 | _a0471956643 : | ||
| 035 | _a(OCoLC)33103775 | ||
| 082 | 0 | 0 |
_a622.3381 _bV174 |
| 090 |
_c3802 _d3802 |
||
| 100 | _aValkoÌ?, Peter. | ||
| 245 | 1 | 0 |
_aHydraulic fracture mechanics / _cPeter ValkoÌ? and Michael J. Economides. |
| 260 |
_aChichester : _bWiley,1995 _cc1995. |
||
| 300 |
_axx, 298 p. : _bill. ; _c25 cm. |
||
| 504 | _aIncludes bibliographies and index. | ||
| 650 | 0 |
_aOil wells _xHydraulic fracturing _xMathematics. |
|
| 700 | 1 | _aEconomides, Michael J. | |
| 856 | 4 | 2 |
_3Publisher description _uhttp://www.loc.gov/catdir/description/wiley032/96115860.html |
| 856 | 4 | 2 |
_3Table of Contents _uhttp://www.loc.gov/catdir/toc/onix02/96115860.html |
| 942 |
_cBB _k622.3381V174 |
||
| 999 |
_c3802 _d3802 |
||